<?xml version="1.0" encoding="UTF-8"?><?xml-stylesheet type="text/xsl" href="static/style.xsl"?><OAI-PMH xmlns="http://www.openarchives.org/OAI/2.0/" xmlns:xsi="http://www.w3.org/2001/XMLSchema-instance" xsi:schemaLocation="http://www.openarchives.org/OAI/2.0/ http://www.openarchives.org/OAI/2.0/OAI-PMH.xsd"><responseDate>2026-06-02T21:45:39Z</responseDate><request verb="GetRecord" identifier="oai:riuma.uma.es:10630/6520" metadataPrefix="marc">https://riuma.uma.es/rest/oai/request</request><GetRecord><record><header><identifier>oai:riuma.uma.es:10630/6520</identifier><datestamp>2026-02-03T12:52:48Z</datestamp><setSpec>com_10630_5701</setSpec><setSpec>com_10630_3139</setSpec><setSpec>com_10630_10</setSpec><setSpec>col_10630_6477</setSpec></header><metadata><record xmlns="http://www.loc.gov/MARC21/slim" xmlns:dcterms="http://purl.org/dc/terms/" xmlns:doc="http://www.lyncode.com/xoai" xmlns:xsi="http://www.w3.org/2001/XMLSchema-instance" xsi:schemaLocation="http://www.loc.gov/MARC21/slim http://www.loc.gov/standards/marcxml/schema/MARC21slim.xsd">
   <leader>00925njm 22002777a 4500</leader>
   <datafield ind2=" " ind1=" " tag="042">
      <subfield code="a">dc</subfield>
   </datafield>
   <datafield ind2=" " ind1=" " tag="720">
      <subfield code="a">Ordóñez-Vergara, Francisco Javier</subfield>
      <subfield code="e">author</subfield>
   </datafield>
   <datafield ind2=" " ind1=" " tag="260">
      <subfield code="c">2009</subfield>
   </datafield>
   <datafield ind2=" " ind1=" " tag="520">
      <subfield code="a">Recorrido cronológico y por sectores a través de los proyectos de restauración desarrollados&#xd;
durante las dos décadas posteriores a la guerra civil en el conjunto catedralicio de Málaga,&#xd;
centrándonos en esta segunda parte del artículo en dos de sus principales anexos: el pabellón&#xd;
del patio de los Naranjos y la contigua iglesia del Sagrario. Se extraen finalmente las oportunas&#xd;
conclusiones acerca de lo que dichas obras supusieron en la conformación actual del monumento&#xd;
y, por extensión, en la interpretación de las pautas que caracterizaron la intervención de la&#xd;
arquitectura histórica durante la primera mitad del período franquista.</subfield>
   </datafield>
   <datafield ind2=" " ind1=" " tag="520">
      <subfield code="a">Chronological and sectorial run through the projects of restoration, developed during the&#xd;
two decades after the end of Spanish Civil War in the Cathedral complex of Málaga, focusing&#xd;
in this second part of the article, in two of its main annexes: the pavilion of the patio de los&#xd;
Naranjos and the joined church of Sagrario. Finally, pertinent conclusions are broached about&#xd;
the influence that such works had in the nowadays conformation of the monument itself, as&#xd;
well as, in the different theories about the aims and characteristics of the restoration work of the&#xd;
historical architecture during the first part of Franco’s Regime.</subfield>
   </datafield>
   <datafield ind1="8" ind2=" " tag="024">
      <subfield code="a">ORDÓÑEZ VERGARA, FRANCISCO JAVIER "Las restauraciones de la catedral de Málaga en la época de la Autarquía (2ª parte)" Baética, 31, 2009, 7-34</subfield>
   </datafield>
   <datafield ind1="8" ind2=" " tag="024">
      <subfield code="a">0212-5099</subfield>
   </datafield>
   <datafield ind1="8" ind2=" " tag="024">
      <subfield code="a">http://hdl.handle.net/10630/6520</subfield>
   </datafield>
   <datafield tag="653" ind2=" " ind1=" ">
      <subfield code="a">Catedral de Málaga - Diseño y construcción - 1936-1975</subfield>
   </datafield>
   <datafield ind2="0" ind1="0" tag="245">
      <subfield code="a">Las restauraciones de la catedral de Málaga en la época de la Autarquía (2ª parte)</subfield>
   </datafield>
</record>
</metadata></record></GetRecord></OAI-PMH>